header

Feathered Dinosaurs (Record no. 263356)

MARC details
000 -LEADER
fixed length control field 00216nam a22000977a 4500
020 ## - INTERNATIONAL STANDARD BOOK NUMBER
ISBN 0439262828
100 ## - MAIN ENTRY--AUTHOR NAME
Personal name Christopher Sloan
245 ## - TITLE STATEMENT
Title Feathered Dinosaurs
260 ## - PUBLICATION, DISTRIBUTION, ETC. (IMPRINT)
Place of publication New York
Name of publisher Scholastic
Year of publication 2000
942 ## - ADDED ENTRY ELEMENTS (KOHA)
Koha item type Long Loan Books
Holdings
Withdrawn status Lost status Collection code Home library Current library Shelving location Date acquired Accession Number Koha item type
    Fiction Rongo University Library Rongo University Library Children's Area 13/03/2024 CL2021974 Long Loan Books

© 2026 Rongo University
Contact us: librarian | system librarian | Rongo university